000 00761nam a22002897a 4500
001 BR9606151
003 BR-BrBNA
005 20230928095246.0
007 ta
008 230509b bl.||||| |||| 00| 0 por d
040 _aBR-BrBNA
_bpor
_cBiblioteca Nacional de Agricultura
041 _a(Por)
072 _aF01; F04; H20
_b0940
_b9921
090 _ 0940 BR9606151
110 1 _aMinisterio do Trabalho, Brasilia, DF (Brasil)
_97158
245 1 _aProdutor de uvas para vinho
260 3 _aBrasilia, DF (Brasil):
_c1975.
300 _avp.
650 _aUva
650 _aVinho
650 _aPratica Cultural
650 _aAdubacao
650 _aDoenca de Planta
650 _aPraga de Planta
909 _a202309
_bLucia
_c55
_dLucia Elande
942 _cBK
999 _c55477
_d55477